| 000 | 00885nam a22002537a 4500 | ||
|---|---|---|---|
| 999 |
_c1927 _d1927 |
||
| 003 | AR-CdUCM | ||
| 008 | 190228b ||||| |||| 00| 0 spa d | ||
| 020 | _a9509097071 | ||
| 040 |
_aMUNICIPALIDAD PROVINCIAL DEL CUSCO _cBIBLIOTECA MUNICIPAL DEL CUSCO |
||
| 082 |
_a330 / _bS56 |
||
| 245 |
_aDependencia y desarrollo en debate : _bDiario de un simposio / |
||
| 260 |
_aPeru : _bInstituto Libertad y Democracia, _c1983. |
||
| 300 |
_a595 paginas ; _c19 cm. |
||
| 505 | _aDiscurso inaugural --La economía --El mar --La minería --El petroleo --La industria ... | ||
| 650 |
_aEconomia _9382 |
||
| 650 |
_aDesarrollo economico _91696 |
||
| 650 |
_aRelaciones economicas _97042 |
||
| 650 |
_aEnsayos _9375 |
||
| 700 |
_aFederico Salazar Bustamante _97043 |
||
| 700 |
_aGhersi Silva, _97044 |
||
| 700 |
_aEnrique Alberto, _97045 |
||
| 942 |
_2ddc _cLIBROS |
||
| 945 |
_arjall _d2019-02-28 |
||